00446nam a22001577a 450000500170000001000140001702000110003103500130004203700130005508200110006810000270007924500860010626000310019227000370022330000280026020100809133757.0 aENG-99097 c160.00 aEN-82629 bDBAD/PUB a597.96 aMajumdar, Dayal Bandhu a(Fifty thousand) 50000 deaths and a snake bite fanatic/cby Dayal Bandhu Majumdar aTitagarhbSoft Pointc2009 a51,Station RoadbKolkatae700119 a120p.:billc22cm (pbk)